=LDR 00000nam 2200000 4500 =001 INLIS000000000001872 =005 20130612090244 =008 ***********************************Ind** =035 ##$$0010-061300000001872 =041 ##$$a Ind =082 ##$$a 613.66 =090 ##$$a 613.66, Nel l =100 ##$$a Nelson, Joan M =245 ##$$a Latihan beladiri praktis, Joan M.Nelson =260 ##$$a 1997 $b Jakarta =300 ##$$a xii,191 hlm, ilus, 23 cm =650 ##$$a Beladiri =850 ##$$a NBPNMAT =990 ##$$a 0001/BPAP-NTB/2015 =990 ##$$a 21602894/BPAP-NTB/2017